Global marketing management / (Record no. 347014)
[ view plain ]
| 000 -LEADER | |
|---|---|
| fixed length control field | 01073 a2200193 4500 |
| 020 ## - INTERNATIONAL STANDARD BOOK NUMBER | |
| International Standard Book Number | 0471230626 (hardcover) |
| 020 ## - INTERNATIONAL STANDARD BOOK NUMBER | |
| International Standard Book Number | 9780471230625 (hardcover) |
| 082 04 - DEWEY DECIMAL CLASSIFICATION NUMBER | |
| Classification number | 380 |
| 090 ## - LOCALLY ASSIGNED LC-TYPE CALL NUMBER (OCLC); LOCAL CALL NUMBER (RLIN) | |
| -- | 4572 |
| -- | 4572 |
| 100 1# - MAIN ENTRY--PERSONAL NAME | |
| Personal name | Kotabe, Mike (Masaaki) |
| 245 10 - TITLE STATEMENT | |
| Title | Global marketing management / |
| Statement of responsibility, etc. | Mike (Masaaki) Kotabe, Kristiaan Helsen. |
| 250 ## - EDITION STATEMENT | |
| Edition statement | 3nd ed. |
| 260 ## - PUBLICATION, DISTRIBUTION, ETC. | |
| Place of publication, distribution, etc. | [S.l.] : |
| Name of publisher, distributor, etc. | Wiley, |
| Date of publication, distribution, etc. | 2003. |
| 300 ## - PHYSICAL DESCRIPTION | |
| Extent | 732 p. ; |
| Dimensions | 29 cm. |
| 520 ## - SUMMARY, ETC. | |
| Summary, etc. | The ultimate objective of this book is to help readers prepare for the 21st Century and become an effective manager overseeing global marketing activities in an increasingly competitive environment. Rather than being bound by the traditional bilateral (international) view of competition and marketing, Kotabe and Helsen emphasize the multilateral (global) nature of marketing. This global approach also presents marketing in a cross- functional approach to the business operation. |
| 700 1# - ADDED ENTRY--PERSONAL NAME | |
| Personal name | Helsen, Kristiaan. |
| 856 40 - ELECTRONIC LOCATION AND ACCESS | |
| Materials specified | Amazon.com |
| Uniform Resource Identifier | <a href="http://www.amazon.com/exec/obidos/ASIN/0471230626/chopaconline-20">http://www.amazon.com/exec/obidos/ASIN/0471230626/chopaconline-20</a> |
| 942 ## - ADDED ENTRY ELEMENTS (KOHA) | |
| Institution code [OBSOLETE] | NBS |
| Koha item type | Book |
| Call number prefix | 658.848 KOT |
| Withdrawn status | Lost status | Damaged status | Not for loan | Permanent Location | Current Location | Date acquired | Total Checkouts | Full call number | Barcode | Date last seen | Date last checked out | Price effective from | Koha item type |
|---|---|---|---|---|---|---|---|---|---|---|---|---|---|
| Central Library (CL) | Central Library (CL) | 08/28/2013 | 1 | 658.848 KOT | NBS5533 | 01/24/2019 | 12/04/2018 | 08/28/2013 | Book |
